Guess the Celebrity by Picture - Letter L - Statistics

General Stats
  • This quiz has been taken 384 times
  • The average score is 8 of 16
Answer Stats
Picture Answer % Correct
Leonardo DiCaprio
94%
Lionel Messi
89%
Lady Gaga
88%
Louis Armstrong
74%
Lil Nas X
67%
Lil Wayne
62%
Lisa Kudrow
54%
Lorde
54%
Lana Del Rey
53%
Lyndon B. Johnson
44%
Luciano Pavarotti
41%
Liberace
27%
Lily Collins
23%
Lucy Hale
18%
Lily James
14%
Lori Loughlin
8%
No matching quizzes found
Score Distribution
Percent of People with Each Score
Percentile by Number Answered
Your Score History
You have not taken this quiz